000 00470nam a2200169Ia 4500
005 20250508154120.0
008 008 250505s9999 xx 000 0 eng d
037 _aBooks to be hide in OPAC
040 _aFEDL
_beng
_cFEDL
041 _aeng
_2eng
084 _a331.409 545 6, DEL
_qFEDL
245 0 _aEmployment of women in Delhi- 1961-64
260 _c1964
300 _aii,76p
942 _cHB
_h331.409 545 6, DEL
999 _c1347747
_d1347747